| 000 | 00522nam a2200181 i 4500 | ||
|---|---|---|---|
| 001 | bg | ||
| 100 | 1 | _aDZIADEK, Tomasz | |
| 245 | 0 |
_aMateriały do ćwiczeń z fizyki budowli. _nCz. 1, _pZagadnienia cieplno-wilgotnościowe przegród budowlanych / _cT. Dziadek. |
|
| 250 | _awyd. 2 uaktual. | ||
| 260 |
_aOpole, _c1982. |
||
| 490 | 1 |
_aSkrypt Uczelniany ; _vnr 96 |
|
| 830 | _aSkrypt Uczelniany ; | ||
| 040 | _cBPK | ||
| 041 | _apol | ||
| 080 | _a699.8(075.8) | ||
| 942 | _cKS | ||
| 008 | s pl f |000 0 pol | ||
| 999 |
_c2726 _d2726 |
||
| 856 |
_uhttp://koha.tu.koszalin.pl/cgi-bin/koha/opac-detail.pl?biblionumber=2726 _yKatalog online BPK |
||